Central Library and Information Centre
Sibsagar Girls' College, Sivasagar : Assam

PRATHAMIK ARTHABIGYAN (PART-1) (Record no. 3710)

MARC details
000 -LEADER
fixed length control field 00314cam a2200145ua 4500
008 - FIXED-LENGTH DATA ELEMENTS--GENERAL INFORMATION
fixed length control field 131204n II |||gr||||Z||||||asm
040 ## - CATALOGING SOURCE
Original cataloging agency MAIN
041 ## - LANGUAGE CODE
-- English
082 ## - DEWEY DECIMAL CLASSIFICATION NUMBER
Classification number 330 DAS
100 ## - MAIN ENTRY--PERSONAL NAME
Personal name DAS, SAITANATH.
245 ## - TITLE STATEMENT
Title PRATHAMIK ARTHABIGYAN (PART-1)
942 ## - ADDED ENTRY ELEMENTS (KOHA)
Koha item type Books
653 ## - INDEX TERM--UNCONTROLLED
Uncontrolled term Economics
Holdings
Withdrawn status Lost status Damaged status Not for loan Collection code Home library Current library Shelving location Date acquired Full call number Barcode Date last seen Copy number Price effective from Koha item type Public note
Withdrawn       TBECO Central Library and Information Centre Sibsagar Girls College Central Library and Information Centre Sibsagar Girls College Staff Office 21.04.1972 330 DAS 03514 27.02.2020 1 27.02.2020 Books V


Sibsagar Girl's College © 2020. All rights reserved.
Powered by Koha.
Maintained by Abhijit Borpuzari.